A noite dos animais inventados (Registo nº 202101)

Detalhes MARC
000 -Etiqueta do registo
Valores 00738nam 22002413 4500
010 ## - Número ISBN
ISBN 978-972-23-3550-8
021 ## - Número do Depósito Legal
Código do país Portugal
Número 309975/10
100 ## - Dados gerais de processamento
Dados gerais 20260511d u||y0pory50 ba
200 ## - Titulo e menção de responsabilidade
Título próprio A noite dos animais inventados
Primeira menção de responsabilidade David Machado
Outras menções de responsabilidade ilustrações de Teresa Lima
205 ## - Menção da edição
Edição
210 ## - Publicação
Local de publicação Barcarena
Nome do editor Editorial Presença
Data de publicação 2010
215 ## - Descrição física 
Paginação / Volumes 32, [2] p.
Outras indicações físicas encadernado
Dimensões 25 cm
225 ## - Colecção 
Título próprio da colecção A arca do tesouro
Número de parte ou secção 11
300 ## - Notas gerais 
Texto da nota LER+ - Plano Nacional de Leitura
606 ## - Nome comum usado como assunto
ID Autoridade 22
Palavra de ordem Literatura Infantil Portuguesa
675 ## - CDU
Notação 821.134.3-93
Edição PT
Língua por
700 ## - Autor principal (pessoa individual)
ID Autoridade 62
Apelido Machado
Nome David
Datas 1978-
702 ## - Autor secundário (pessoa individual)
ID Autoridade 1163
Apelido Lima
Nome Teresa
Datas 1962-
801 ## - Fonte de origem
País PT
Agência BMMN
Regras de catalogação RPC
830 ## - Notas gerais do catalogador
Criado por Ana Caetano
990 ## - Elementos KOHA
Tipo de documento Livro
Exemplares
Situação do levantamento Biblioteca de origem Código de barras Cota Permissão de empréstimo Tipo de documento Forma de aquisição
  Biblioteca Escolar nº 1 31522 821.134.3-93 MAC   Livro Oferta

Powered by Koha